| 000 | 07883nam a22005897a 4500 | ||
|---|---|---|---|
| 005 | 20120105165012.0 | ||
| 010 | _aB-475094-125 | ||
| 020 |
_a9789380186450 _c175.00 |
||
| 035 | _aB-475094-125 | ||
| 037 | _bब्लूबेरी बुक्स | ||
| 082 | _aक | ||
| 100 |
_aवैभव विप्लव _950541 |
||
| 245 |
_aहातिमताई की तिलिस्मी कहनियाँ / _cवैभव विप्लव |
||
| 260 |
_aनई दिल्ली _bविद्या विहार _c2011 |
||
| 270 |
_a1660, Kucha Dakhaniray, Dariyaganj _bNew Delhi _e110002 |
||
| 300 |
_a96पृ. _bसचित्र _c24सेमी (सजिल्द) |
||
| 942 |
_2ddc _cCH _hक _mवैभव |
||
| 999 |
_c60402 _d60402 |
||